| 000 | 01358nam a2200337 a 4500 | ||
|---|---|---|---|
| 005 | 20240514123720.0 | ||
| 008 | 100309s2009||||sp il. f |||| 001 0 spa d | ||
| 020 | _a9788480864954 | ||
| 041 | _aspa | ||
| 092 |
_c616 _l30 _sGOL |
||
| 100 | 1 |
_aGoldman, Lee _eEdit. _91800 |
|
| 245 |
_aCECIL. Tratado de Medicina Interna. _bT.2 / _cLee Goldman |
||
| 250 |
_a23a ed. versión en español de la 23 ed. de la obra original en inglés _bRevisión científica y técnica Carlos Barros Aguado [et. al] |
||
| 260 |
_aBarcelona: _bElsevier ; Saunders; _c2009. |
||
| 300 | _a1603-2995 p. | ||
| 500 | _aGoldman, L. y Ausiello, D. (Eds.). (2009). CECIL. Tratado de medicina interna. T.2 (23a ed.). Barcelona : Elsevier ; Saunders. | ||
| 653 | _aEnfermedades nutricionales | ||
| 653 | _aEnfermedades endocrinas | ||
| 653 | _aSalud en la mujer | ||
| 653 | _aEnfermedades del metabolismo óseo y mineral | ||
| 653 | _aEnfermedades de la alergia y la inmunología clínica | ||
| 653 | _aEnfermedades reumáticas | ||
| 653 | _aVIH y SIDA | ||
| 653 | _aNeurología | ||
| 653 | _aEnfermedades de los ojos, los oídos, la nariz y la garganta | ||
| 653 | _aInterconsulta médica | ||
| 653 | _aEnfermedades de la piel | ||
| 653 | _aApéndice: intervalos de referencia y valores de laboratorio | ||
| 700 | 1 |
_aAusiello, Dennis _eEditor _91801 |
|
| 942 |
_2ddc _cBK |
||
| 999 |
_c1088 _d1088 |
||